Villes les plus peuplées de la Charente 16 - Statistiques

Statistiques générales
  • Ce quiz a été pris 67 fois
  • Le résultat moyen est 6 sur 15
Statistiques - réponses
Population Ville % Correct
41 407 Angoulême
100%
18 606 Cognac
91%
9 969 Soyaux
75%
7 742 La Couronne
64%
4 447 Jarnac
54%
5 155 Champniers
46%
6 017 Gond-Pontouvre
38%
5 633 L'Isle-d'Espagnac
29%
4 751 Barbezieux-Saint-Hilaire
23%
7 499 Saint-Yrieix-sur-Charente
23%
4 222 Brie
20%
4 295 Roullet-Saint-Estèphe
14%
3 867 Terres-de-Haute-Charente
7%
7 364 Ruelle-sur-Trouve
4%
3 984 La Rochefoucauld-en-Angoumoins
0%
Aucun quiz correspondant
Distribution des résultats
% des personnes avec chaque résultat
Percentile par nombre de réponses
Votre historique - résultats
Vous n’avez pas pris ce quiz